Ireland by Picture - Statistics

General Stats
  • This quiz has been taken 1,684 times
    242 since last reset
  • The average score is 12 of 18
Answer Stats
Picture Hint Answer % Correct
city Dublin
99%
instrument Harp
96%
failing crop, 1845-1852 potato
96%
saint Saint Patrick
92%
figure from Irish folklore Leprechaun
83%
airline Ryanair
83%
band U2
82%
national symbol Shamrock
74%
actor Liam Neeson
71%
playwright Oscar Wilde
67%
river River {Shannon}
54%
religious symbol {Celtic} Cross
53%
tourist attraction Cliffs of {Moher}
49%
sport Hurling
48%
actress Saoirse Ronan
48%
singer Enya
41%
bridge {Ha‘penny} Bridge
39%
statesman Éamon de Valera
22%
No matching quizzes found
Score Distribution
Percent of People with Each Score
Percentile by Number Answered
Your Score History
You have not taken this quiz since the last reset